Normal view
MARC view
Entry Personal Name
001 - CONTROL NUMBER
- control field: 8990
003 - CONTROL NUMBER IDENTIFIER
- control field: BD-RjUL
005 - DATE AND TIME OF LATEST TRANSACTION
- control field: 20230914151758.0
008 - FIXED-LENGTH DATA ELEMENTS
- fixed length control field: 230914|| aca||aabn | a|a d
040 ## - CATALOGING SOURCE
- Original cataloging agency: BD-RjUL
- Transcribing agency: BD-RjUL
100 ## - HEADING--PERSONAL NAME
- Personal name: بلگرامي٫ سيد علي. ;; Bilgrami; Syed Ali
670 ## - SOURCE DATA FOUND
- Source citation: Work cat.: (BD-RjUL)81921: بلگرامي٫ سيد علي. ;; Bilgrami; Syed Ali., تمدن عرب ;; Tamaddun Arab /, [1960]